000 01292nam0a22002651 4500
001 rc\3644876
005 20260406152256.0
035 _a(NLR Aleph) 007730708
090 _a7052087
_c7052087
100 _a20130115d1970 u y0rusy50 ca
101 0 _arus
102 _aRU
105 _aa j |||||
200 1 _aИсточники, поиск и использование научной информации
_eЛекции для студентов естеств.-науч. фак.
_fМоск. гос. ун-т им. М.В. Ломоносова. Кафедра науч. информации
210 _aМосква
_cВсесоюз. ин-т науч. и техн. информации
_d1970
215 _a274 с.
_cил.
_d22
309 _aОтпеч. множит. аппаратом
320 _aБиблиогр. в конце глав
700 1 _7ca
_8rus
_aМихайлов
_bА. И.
_cд-р техн. наук, научно-техн. информация
_f1905-1988
_gАлександр Иванович
_9255064
_3RU\NLR\AUTH\770255120
701 1 _7ca
_8rus
_aГиляревский
_bР. С.
_f1929-2025
_gРуджеро Сергеевич
_9115774
_3RU\NLR\AUTH\775815
801 0 _aRU
_bNLR
_gpsbo
801 1 _aRU
_bELAR
_2rusmarc
852 _aNLR
_j70-5/504
942 _cBOOK
980 _aNB